00780nam a2200229 a 4500001000400000003001000004005001700014008004100031020001500072040002500087080002100112100003400133245009500167250003400262260003400296300001800330504002500348505008500373650002600458650002700484700003900511588BR-CuiBMT20231127040314.0231109r2012 bab 000 0 por d a8577614433 aBR-CuiBMTcBR-CuiBMT 22007a347.91/.951 aDidier Junior, Fredie,d1974-10aCurso de direito processual civil /cFredir Didier Jr., Leonardo José Carneiro da Cunha. a10. ed., rev., ampl. e atual. aSalvador :bJusPODIVM,c2012. a6 v. ;c24 cm aInclui bibliografia.1 av. 3. Meios de impugnação às decisões judiciais e processo nos tribunais aDireito civilzBrasil aProcesso civilzBrasil1 aCunha, Leonardo José Carneiro da